| 000 | 00412nam a2200157Ia 4500 | ||
|---|---|---|---|
| 008 | 230312s9999||||xx |||||||||||||| ||und|| | ||
| 020 | _a0-333-73165-4 | ||
| 082 |
_a330 _bHAR-M |
||
| 100 | _aHarvey Jack | ||
| 245 | 0 | _aModern Econnomics | |
| 260 |
_bPalgrave _aNew York _c1988 |
||
| 300 | _a548 | ||
| 546 | _aEng. | ||
| 650 |
_aEconomics _vWhat Economics is about ? Methods of Allocating Resources |
||
| 942 | _cBK | ||
| 999 |
_c2486 _d2486 |
||